La guerra gaucha /
Guardado en:
| Autor Principal: | |
|---|---|
| Formato: | Libro |
| Publicado: |
Buenos Aires :
Centurión,
1962
|
| Edición: | 10a. ed. |
| Materias: | |
| Etiquetas: |
Agregar Etiqueta
Sin Etiquetas, Sea el primero en etiquetar este registro!
|
| LEADER | 01057nam a22002655a 4500 | ||
|---|---|---|---|
| 001 | CEM.cems003965 | ||
| 005 | 20100914122116.0 | ||
| 008 | 130507s1962##################000#0#####d | ||
| 003 | CEMS | ||
| 082 | 0 | 4 | |a A868.4 |
| 100 | 1 | |a Lugones, Leopoldo | |
| 245 | 1 | 0 | |a La guerra gaucha / |c Leopoldo Lugones |
| 250 | |a 10a. ed. | ||
| 260 | |a Buenos Aires : |b Centurión, |c 1962 | ||
| 300 | |a 291 p. | ||
| 653 | |a Literatura | ||
| 653 | |a Literatura argentina-siglo 20 | ||
| 859 | |a CEMS |b BIB. CEMS - 11 de abril |h A868.4 |i L967A10 |p 4122.75 |t Ej.1 | ||
| 859 | |a CEMS |b BIB. CEMS - 11 de abril |h A868.4 |i L967A10 |p 4123.75 |t Ej.2 | ||
| 859 | |a CEMS |b BIB. CEMS - 11 de abril |h A868.4 |i L967A10 |p 4124.75 |t Ej.3 | ||
| 859 | |a CEMS |b BIB. CEMS - 11 de abril |h A868.4 |i L967A10 |p 4125.75 |t Ej.4 | ||
| 859 | |a CEMS |b BIB. CEMS - 11 de abril |h A868.4 |i L967A10 |p 4126.75 |t Ej.5 | ||
| 859 | |a CEMS |b BIB. CEMS - 11 de abril |h A868.4 |i L967A10 |p 4127.76 |t Ej.6 | ||
| 859 | |a CEMS |b BIB. CEMS - 11 de abril |h A868.4 |i L967A10 |p 4128.75 |t Ej.7 | ||
| 859 | |a CEMS |b BIB. CEMS - 11 de abril |h A868.4 |i L967A10 |p 4129.75 |t Ej.8 | ||
